<?xml version="1.0" encoding="UTF-8"?>
<record
    xmlns:xsi="http://www.w3.org/2001/XMLSchema-instance"
    xsi:schemaLocation="http://www.loc.gov/MARC21/slim http://www.loc.gov/standards/marcxml/schema/MARC21slim.xsd"
    xmlns="http://www.loc.gov/MARC21/slim">

  <leader>01178nam a22002537a 4500</leader>
  <controlfield tag="001">37871</controlfield>
  <controlfield tag="003">BD-RjUL</controlfield>
  <controlfield tag="005">20211209052659.0</controlfield>
  <controlfield tag="008">150804s2008    bg ||||| |||| 00| 0 ben d</controlfield>
  <datafield tag="020" ind1=" " ind2=" ">
    <subfield code="a">984074724x</subfield>
  </datafield>
  <datafield tag="035" ind1=" " ind2=" ">
    <subfield code="a">(BD-RjUL)37976</subfield>
  </datafield>
  <datafield tag="040" ind1=" " ind2=" ">
    <subfield code="a">BD-RjUL</subfield>
    <subfield code="b">eng</subfield>
    <subfield code="c">BD-RjUL</subfield>
  </datafield>
  <datafield tag="041" ind1=" " ind2=" ">
    <subfield code="a">ben</subfield>
  </datafield>
  <datafield tag="082" ind1=" " ind2=" ">
    <subfield code="a">909.097671</subfield>
  </datafield>
  <datafield tag="100" ind1=" " ind2=" ">
    <subfield code="a">&#x986;&#x9B2;&#x9C0;, &#x9B8;&#x9C8;&#x9AF;&#x9BC;&#x9A6; &#x986;&#x9AE;&#x9C0;&#x9B0; </subfield>
    <subfield code="9">117339</subfield>
  </datafield>
  <datafield tag="245" ind1=" " ind2=" ">
    <subfield code="a">&#x986;&#x9B0;&#x9AC; &#x99C;&#x9BE;&#x9A4;&#x9BF;&#x9B0; &#x987;&#x9A4;&#x9BF;&#x9B9;&#x9BE;&#x9B8; /</subfield>
    <subfield code="b">[ &#x9B9;&#x9BF;&#x9B8;&#x9CD;&#x99F;&#x9CD;&#x9B0;&#x9BF; &#x985;&#x9AB; &#x9B8;&#x9BE;&#x9B0;&#x9BE;&#x9B8;&#x9BF;&#x9A8;&#x9B8;&#x9CD; ] /</subfield>
    <subfield code="c">&#x9B8;&#x9C8;&#x9AF;&#x9BC;&#x9A6; &#x986;&#x9AE;&#x9C0;&#x9B0; &#x986;&#x9B2;&#x9C0; ; &#x9B6;&#x9C7;&#x996; &#x9B0;&#x9C7;&#x9AF;&#x9BC;&#x9BE;&#x99C;&#x9C1;&#x9A6;&#x9CD;&#x9A6;&#x9C0;&#x9A8; &#x986;&#x9B9;&#x9AE;&#x9CD;&#x9AE;&#x9A6; &#x985;&#x9A8;&#x9C2;&#x9A6;&#x9BF;&#x9A4;, &#x9AE;&#x9AB;&#x9C0;&#x99C;&#x9C1;&#x9B2;&#x9CD;&#x9B2;&#x9BE;&#x9B9; &#x995;&#x9AC;&#x9C0;&#x9B0; &#x9B8;&#x9AE;&#x9CD;&#x9AA;&#x9BE;&#x9A6;&#x9BF;&#x9A4;</subfield>
  </datafield>
  <datafield tag="250" ind1=" " ind2=" ">
    <subfield code="a">&#x9E8;&#x9AF;&#x9BC; &#x9B8;&#x982;.</subfield>
  </datafield>
  <datafield tag="260" ind1=" " ind2=" ">
    <subfield code="a">&#x9A2;&#x9BE;&#x995;&#x9BE; :</subfield>
    <subfield code="b">&#x9AC;&#x9BE;&#x982;&#x9B2;&#x9BE; &#x98F;&#x995;&#x9BE;&#x9A1;&#x9C7;&#x9AE;&#x9C0;, </subfield>
    <subfield code="c">&#x9E7;&#x9EF;&#x9EE;&#x9E7; [&#x9AA;&#x9C2;&#x9A8;&#x9B0;&#x9CD;&#x9AE;&#x9C1;&#x9A6;&#x9CD;&#x9B0;&#x9A3; &#x9E8;&#x9E6;&#x9E6;&#x9EE; ]</subfield>
  </datafield>
  <datafield tag="300" ind1=" " ind2=" ">
    <subfield code="a">&#x9EA;&#x9EB;&#x9EC; &#x9AA;&#x9C3; . ;</subfield>
    <subfield code="c">&#x9E8;&#x9E6; &#x9B8;&#x9C7;&#x9AE;&#x9BF;.</subfield>
  </datafield>
  <datafield tag="651" ind1=" " ind2=" ">
    <subfield code="a">Islamic Empire </subfield>
    <subfield code="x">History.</subfield>
    <subfield code="9">117340</subfield>
  </datafield>
  <datafield tag="700" ind1=" " ind2=" ">
    <subfield code="a">&#x986;&#x9B9;&#x9AE;&#x9CD;&#x9AE;&#x9A6;, &#x9B6;&#x9C7;&#x996; &#x9B0;&#x9C7;&#x9AF;&#x9BC;&#x9BE;&#x99C;&#x9C1;&#x9A6;&#x9CD;&#x9A6;&#x9C0;&#x9A8; </subfield>
    <subfield code="9">117341</subfield>
  </datafield>
  <datafield tag="700" ind1=" " ind2=" ">
    <subfield code="a">&#x995;&#x9AC;&#x9C0;&#x9B0;, &#x9AE;&#x9AB;&#x9C0;&#x99C;&#x9C1;&#x9B2;&#x9CD;&#x9B2;&#x9BE;&#x9B9; </subfield>
    <subfield code="9">117342</subfield>
  </datafield>
  <datafield tag="942" ind1=" " ind2=" ">
    <subfield code="2">ddc</subfield>
    <subfield code="c">BK</subfield>
    <subfield code="0">1</subfield>
  </datafield>
  <datafield tag="999" ind1=" " ind2=" ">
    <subfield code="c">37871</subfield>
    <subfield code="d">37871</subfield>
  </datafield>
  <datafield tag="952" ind1=" " ind2=" ">
    <subfield code="0">0</subfield>
    <subfield code="1">0</subfield>
    <subfield code="2">ddc</subfield>
    <subfield code="4">0</subfield>
    <subfield code="7">0</subfield>
    <subfield code="8">NFIC</subfield>
    <subfield code="a">RUCL</subfield>
    <subfield code="b">RUCL</subfield>
    <subfield code="c">Stack</subfield>
    <subfield code="d">2015-08-04</subfield>
    <subfield code="e">Bangla Acadamy</subfield>
    <subfield code="g">220.00</subfield>
    <subfield code="l">9</subfield>
    <subfield code="o">B 909.097671 AMA 2008</subfield>
    <subfield code="r">2024-11-04 00:00:00</subfield>
    <subfield code="s">2024-10-21</subfield>
    <subfield code="t">C-7</subfield>
    <subfield code="w">2021-12-09</subfield>
    <subfield code="y">BK</subfield>
  </datafield>
</record>
